000 00943nam a2200313 i 4500
999 _c65229
_d65229
001 768714001
003 CO-MdFUSB
005 20190923094647.0
008 190917t2013 ck a|||| |||| 00| 0 spa d
020 _a9789587585339
040 _aCO-MdFUSB
_bspa
_cCO-MdFUSB
_dCO-MdFUSBC
_erda
041 _aspa
082 _223
_aG 920.0986
_bB717
100 _aBonnett, Piedad.
_eautor
245 3 _aLo que no tiene nombre.
_c/ Piedad Bonnett.
264 1 _aBogotá, Colombia :
_bAlfaguara,
_c[2013]
264 4 _c© 2013
300 _a130 páginas
_c; 24 cm
336 _2rdacontent
_atexto
_btxt
337 _2rdamedia
_asin mediación
_bn
338 _2rdacarrier
_avolumen
_bnc
505 _aLo irreparable. -- Un precario equilibrio. -- La cuarta pared. -- El final.
563 _aRústico
600 0 _aBonnett, Piedad.
_xBiografías.
650 0 _91110
_aSuicidio
653 _aAutores colombianos.
942 _cBK
945 _aJTF-925